000 01064nam a2200241Ia 4500
003 Ost
005 20260507075118.0
008 260507s9999||||xx |||||||||||||| ||und||
020 _a5621119957
040 _cfsecg
041 _aara
082 _a332.4
100 _aحداد، أكرم
_eمؤلف
245 0 _aالنقود والمصاريف :
_bمدخل تحليلي ونظري /
_c أكرم حداد
260 _aعمان:
_bدار وائل للنشر,
_c2005
300 _a215 صفحة؛
_bإيضاحات ؛
_c25 سم
520 _aنشأة وتطور النقود- القواعد والنظم النقدية- النقود الإلكترونية- النقو في ظل الأنظمة الإقتصادية المختلفة- طريق الإصدار النقدي- عرض وطلب النقد- السوق النقدي- السياسات النقدية- التضخم
653 _aالبنوك التجارية
653 _aالسوق النقدي
653 _aالنقود
700 _aهذلول، مشهور
_eمؤلف ثانوي
942 _cكتاب
999 _c43042
_d43042